Rogue One : (Record no. 220491)
[ view plain ]
| 000 -LEADER | |
|---|---|
| fixed length control field | 04282cgm a2200865Ii 4500 |
| 001 - CONTROL NUMBER | |
| control field | ocn973888098 |
| 003 - CONTROL NUMBER IDENTIFIER | |
| control field | OCoLC |
| 005 - DATE AND TIME OF LATEST TRANSACTION | |
| control field | 20200506085045.0 |
| 007 - PHYSICAL DESCRIPTION FIXED FIELD--GENERAL INFORMATION | |
| fixed length control field | vd cvaizq |
| 008 - FIXED-LENGTH DATA ELEMENTS--GENERAL INFORMATION | |
| fixed length control field | 170227s2017 cau133 vleng d |
| 024 10 - OTHER STANDARD IDENTIFIER | |
| Standard number or code | 786936852332 |
| 028 42 - PUBLISHER NUMBER | |
| Publisher number | 14149600 |
| Source | LucasFilm |
| 028 42 - PUBLISHER NUMBER | |
| Publisher number | 8044661 |
| Source | Lucasfilm |
| 029 1# - (OCLC) | |
| OCLC library identifier | AU@ |
| System control number | 000059720180 |
| 035 ## - SYSTEM CONTROL NUMBER | |
| System control number | (OCoLC)973888098 |
| 037 ## - SOURCE OF ACQUISITION | |
| Source of stock number/acquisition | Midwest Tape |
| Note | http://www.midwesttapes.com |
| 040 ## - CATALOGING SOURCE | |
| Original cataloging agency | TEFMT |
| Language of cataloging | eng |
| Description conventions | rda |
| Transcribing agency | TEFMT |
| Modifying agency | OCLCO |
| -- | TEF |
| -- | GK8 |
| -- | IHY |
| -- | INO |
| -- | GK8 |
| -- | INO |
| -- | IK2 |
| -- | UINTA |
| 041 1# - LANGUAGE CODE | |
| Language code of text/sound track or separate title | eng |
| -- | fre |
| -- | spa |
| Language code of original and/or intermediate translations of text | eng |
| 046 ## - SPECIAL CODED DATES | |
| Type of date code | s |
| Beginning or single date created | 2016 |
| Source of date | edtf |
| 049 ## - LOCAL HOLDINGS (OCLC) | |
| Holding library | UCLB |
| 050 #4 - LIBRARY OF CONGRESS CALL NUMBER | |
| Classification number | PN1997.2 |
| Item number | .R64 2017 |
| 082 04 - DEWEY DECIMAL CLASSIFICATION NUMBER | |
| Classification number | 791.43/72 |
| Edition number | 23 |
| 092 ## - LOCALLY ASSIGNED DEWEY CALL NUMBER (OCLC) | |
| Classification number | DVD |
| 130 0# - MAIN ENTRY--UNIFORM TITLE | |
| Uniform title | Rogue One (Motion picture) |
| 9 (RLIN) | 5728426 |
| 245 10 - TITLE STATEMENT | |
| Title | Rogue One : |
| Remainder of title | A Star Wars Story / |
| Statement of responsibility, etc | directed by Gareth Edwards ; screenplay by Chris Weitz and Tony Gilroy ; story by John Knoll and Gary Whitta ; produced by Kathleen Kennedy, Allison Shearmur, Simon Emanuel ; a Lucasfilm Ltd. production ; a Gareth Edwards film |
| 246 1# - VARYING FORM OF TITLE | |
| Display text | Title on container and disc: |
| Title proper/short title | Rogue One, a Star Wars story |
| 257 ## - COUNTRY OF PRODUCING ENTITY FOR ARCHIVAL FILMS | |
| Country of producing entity | United States |
| 264 #1 - Production, Publication, Distribution, Manufacture, and Copyright Notice. | |
| Place of production, publication, distribution, manufacture | Burbank, CA : |
| Name of producer, publisher, distributor, manufacturer | Buena Vista Home Entertainment, |
| Date of production, publication, distribution, manufacture, or copyr | [2017] |
| 300 ## - PHYSICAL DESCRIPTION | |
| Extent | 1 videodisc (133 min.) : |
| Other physical details | sound, color ; |
| Dimensions | 4 3/4 in. |
| 336 ## - Content Type | |
| Content type term | two-dimensional moving image |
| 337 ## - Media type | |
| Media type term | video |
| 338 ## - Carrier type | |
| Carrier type term | videodisc |
| 500 ## - GENERAL NOTE | |
| General note | Originally released as a motion picture in 2016. |
| 500 ## - GENERAL NOTE | |
| General note | Based on characters created by George Lucas. |
| 500 ## - GENERAL NOTE | |
| General note | Wide screen (2.39:1). |
| 508 ## - CREATION/PRODUCTION CREDITS NOTE | |
| Creation/production credits note | Director of photography, Greig Fraser; music, Michael Giacchino; original Star Wars music by John Williams. |
| 511 1# - PARTICIPANT OR PERFORMER NOTE | |
| Participant or performer note | Felicity Jones, Diego Luna, Ben Mendelsohn, Donnie Yen, Mads Mikkelsen, Alan Tudyk, Riz Ahmed, Jimmy Smits, James Earl Jones, Jiang Wen, Forest Whitaker. |
| 520 ## - SUMMARY, ETC. | |
| Summary, etc | In a period of great conflict, a group of unlikely heroes led by Jyn Erso, a daring fugitive, and Cassian Andor, a rebel spy, band together on a desperate mission to steal the plans to the Death Star, the Empire's ultimate weapon of destruction. |
| 521 8# - TARGET AUDIENCE NOTE | |
| Target audience note | MPAA rating: PG-13; for extended sequences of sci-fi violence and action. |
| 538 ## - SYSTEM DETAILS NOTE | |
| System details note | DVD, NTSC, region 1, (2.39:1) widescreen; 5.1 Dolby digital. |
| 546 ## - LANGUAGE NOTE | |
| Language note | English, Spanish or French dialogue; Spanish or French subtitles; subtitled for the deaf and hard of hearing (SDH); closed captioned; described video. |
| 650 #0 - SUBJECT ADDED ENTRY--TOPICAL TERM | |
| Topical term or geographic name as entry element | Space warfare |
| Form subdivision | Drama. |
| 9 (RLIN) | 5692564 |
| 650 #0 - SUBJECT ADDED ENTRY--TOPICAL TERM | |
| Topical term or geographic name as entry element | Space vehicles |
| Form subdivision | Drama. |
| 9 (RLIN) | 5732596 |
| 650 #0 - SUBJECT ADDED ENTRY--TOPICAL TERM | |
| Topical term or geographic name as entry element | Good and evil |
| Form subdivision | Drama. |
| 9 (RLIN) | 5674286 |
| 655 #7 - INDEX TERM--GENRE/FORM | |
| Genre/form data or focus term | Fiction films. |
| Source of term | lcgft |
| 9 (RLIN) | 5674705 |
| 655 #7 - INDEX TERM--GENRE/FORM | |
| Genre/form data or focus term | Science fiction films. |
| Source of term | lcgft |
| 9 (RLIN) | 6357342 |
| 655 #7 - INDEX TERM--GENRE/FORM | |
| Genre/form data or focus term | Feature films. |
| Source of term | lcgft |
| 9 (RLIN) | 6357343 |
| 655 #7 - INDEX TERM--GENRE/FORM | |
| Genre/form data or focus term | Action and adventure films. |
| Source of term | lcgft |
| 9 (RLIN) | 5674017 |
| 655 #7 - INDEX TERM--GENRE/FORM | |
| Genre/form data or focus term | Video recordings for the hearing impaired. |
| Source of term | lcgft |
| 9 (RLIN) | 5732597 |
| 655 #7 - INDEX TERM--GENRE/FORM | |
| Genre/form data or focus term | Video recordings for people with visual disabilities. |
| Source of term | lcgft |
| 9 (RLIN) | 5676923 |
| 700 1# - ADDED ENTRY--PERSONAL NAME | |
| Personal name | Edwards, Gareth, |
| Dates associated with a name | 1975- |
| Relator term | film director. |
| 9 (RLIN) | 5941713 |
| 700 1# - ADDED ENTRY--PERSONAL NAME | |
| Personal name | Weitz, Chris, |
| Dates associated with a name | 1969- |
| Relator term | screenwriter. |
| 9 (RLIN) | 5690461 |
| 700 1# - ADDED ENTRY--PERSONAL NAME | |
| Personal name | Gilroy, Tony, |
| Relator term | screenwriter. |
| 9 (RLIN) | 68080 |
| 700 1# - ADDED ENTRY--PERSONAL NAME | |
| Personal name | Knoll, John, |
| Relator term | screenwriter. |
| 9 (RLIN) | 5716678 |
| 700 1# - ADDED ENTRY--PERSONAL NAME | |
| Personal name | Whitta, Gary, |
| Relator term | screenwriter. |
| 9 (RLIN) | 5716679 |
| 700 1# - ADDED ENTRY--PERSONAL NAME | |
| Personal name | Kennedy, Kathleen, |
| Dates associated with a name | 1954- |
| Relator term | film producer. |
| 9 (RLIN) | 23907 |
| 700 1# - ADDED ENTRY--PERSONAL NAME | |
| Personal name | Shearmur, Allison, |
| Relator term | film producer. |
| 9 (RLIN) | 5902520 |
| 700 1# - ADDED ENTRY--PERSONAL NAME | |
| Personal name | Emanuel, Simon, |
| Dates associated with a name | 1975- |
| Relator term | film producer. |
| 9 (RLIN) | 6356394 |
| 700 1# - ADDED ENTRY--PERSONAL NAME | |
| Personal name | Jones, Felicity, |
| Relator term | actor. |
| 9 (RLIN) | 5941714 |
| 700 1# - ADDED ENTRY--PERSONAL NAME | |
| Personal name | Luna, Diego, |
| Dates associated with a name | 1979- |
| Relator term | actor. |
| 9 (RLIN) | 77425 |
| 700 1# - ADDED ENTRY--PERSONAL NAME | |
| Personal name | Mendelsohn, Ben, |
| Relator term | actor. |
| 9 (RLIN) | 5779426 |
| 700 1# - ADDED ENTRY--PERSONAL NAME | |
| Personal name | Yen, Donnie, |
| Dates associated with a name | 1963- |
| Relator term | actor. |
| 9 (RLIN) | 69717 |
| 700 1# - ADDED ENTRY--PERSONAL NAME | |
| Personal name | Mikkelsen, Mads, |
| Dates associated with a name | 1965- |
| Relator term | actor. |
| 9 (RLIN) | 71433 |
| 700 1# - ADDED ENTRY--PERSONAL NAME | |
| Personal name | Tudyk, Alan, |
| Relator term | actor. |
| 9 (RLIN) | 69400 |
| 700 1# - ADDED ENTRY--PERSONAL NAME | |
| Personal name | Ahmed, Riz, |
| Dates associated with a name | 1982- |
| Relator term | actor. |
| 9 (RLIN) | 5941715 |
| 700 1# - ADDED ENTRY--PERSONAL NAME | |
| Personal name | Smits, Jimmy, |
| Relator term | actor. |
| 9 (RLIN) | 30271 |
| 700 1# - ADDED ENTRY--PERSONAL NAME | |
| Personal name | Jones, James Earl, |
| Relator term | voice actor. |
| 9 (RLIN) | 20642 |
| 700 1# - ADDED ENTRY--PERSONAL NAME | |
| Personal name | Jiang, Wen, |
| Dates associated with a name | 1963- |
| Relator term | actor. |
| 9 (RLIN) | 5941717 |
| 700 1# - ADDED ENTRY--PERSONAL NAME | |
| Personal name | Whitaker, Forest, |
| Relator term | actor. |
| 9 (RLIN) | 38671 |
| 710 2# - ADDED ENTRY--CORPORATE NAME | |
| Corporate name or jurisdiction name as entry element | Lucasfilm, Ltd., |
| Relator term | production company. |
| 9 (RLIN) | 15523 |
| 710 2# - ADDED ENTRY--CORPORATE NAME | |
| Corporate name or jurisdiction name as entry element | Buena Vista Home Entertainment (Firm), |
| Relator term | publisher. |
| 9 (RLIN) | 64615 |
| 730 02 - ADDED ENTRY--UNIFORM TITLE | |
| Uniform title | Rogue One (Motion picture). |
| Language of a work | French. |
| 9 (RLIN) | 5732605 |
| 730 02 - ADDED ENTRY--UNIFORM TITLE | |
| Uniform title | Rogue One (Motion picture). |
| Language of a work | Spanish. |
| 9 (RLIN) | 5732606 |
| 942 ## - ADDED ENTRY ELEMENTS (KOHA) | |
| Source of classification or shelving scheme | Dewey Decimal Classification |
| Koha item type | DVD |
| Withdrawn status | Lost status | Source of classification or shelving scheme | Damaged status | Not for loan | Collection code | Home library | Current library | Shelving location | Date acquired | Source of acquisition | Cost, normal purchase price | Total Checkouts | Total Renewals | Full call number | Barcode | Date last seen | Date checked out | Cost, replacement price | Price effective from | Koha item type |
|---|---|---|---|---|---|---|---|---|---|---|---|---|---|---|---|---|---|---|---|---|
| Dewey Decimal Classification | Movies | Wasatch County Library | Wasatch County Library | Audio Visual Area | 06/16/2017 | 15.95 | 52 | 14 | DVD Sta | 34301001525072 | 07/31/2025 | 07/30/2025 | 15.95 | 03/20/2020 | DVD |
